zpět

Detail výsledku týmu

Restaurace Lapák - Ládví, Praha

Datum a čas kvízu

20 Celkem bodů Celkový počet nahraných bodů na tomto kvízu bez doplňovacích otázek.
6. Pořadí na kvízu Konečné umístění týmu na tomto kvízu.

Zaznamenané odpovědi

# Otázka Odpověď Body Výsledky
1. První desítky turistů se během... České Švýcarsko 0
2. Prezident jisté asijské země b... Jižní Korea 1
3. V pondělí byla odtajněna jména... Josef Maršálek, Eva Adamczyková 0.5
4. V úterý byl uskutečněn první p... z Japonska 0
5. Která stáj ovládla víkendovou... Red Bull 1
6. Pojďme zavzpomínat na filmy a... Malé ženy 0
7. Poslední díl seriálu Přátelé b... Kde? 1
8. Tato smutná scéna z Nekonečnéh... Michael Ende 0
9. Ze kterého seriálu je tato scé... Peaky Blinders (Gangy z Birminghamu) 0
10. Film Želary se do tohoto témat... Květa Legátová (vl. jm. Věra Hofmanová); Joza (Josef) 0